000
00237nam a2200097Ia 4500
001
682978
005
20250826161429.0
008
250824s9999 xx 000 0 und d
245
0
_a
KAYI V
_c
AHMET ŞİMŞİRGİL
260
_b
TİMAŞ YAYINLARI
999
_c
682978
_d
682978